000 00480nam a2200181Ia 4500
005 20260429111851.0
008 260429s9999||||xx |||||||||||||| ||und||
020 _a9798887153452
041 _aEnglish
082 _a510
_bGAR
100 _aBradford,Gary P.
245 0 _aEngineering mathematics /
_cGary P. Bradford
250 _a1st ed.
260 _aUnited States :
_bOryson Press,
_c2024.
300 _axii, 286 p.; hb
650 _aEngineering mathematics
942 _cTB
999 _c51201
_d51201